000 00367nam a2200145Ia 4500
008 230711s9999||||xx |||||||||||||| ||und||
041 _aENG
082 _a677
_bSH-C
100 _aShenai,V.A
245 0 _aChemistry of dyes and principles of dyeing
250 _a1st . Ed.
260 _c1996
_aMumbai
_bSevak Publication
650 _aTextile Engineering
942 _cBK
999 _c3615
_d3615